Datum a čas kvízu
42
Celkem bodů
Celkový počet nahraných bodů na tomto kvízu bez doplňovacích otázek.
1.
Pořadí na kvízu
Konečné umístění týmu na tomto kvízu.
Zaznamenané odpovědi
| # | Otázka | Odpověď | Body | Výsledky |
|---|---|---|---|---|
| 1. | Doufáme, že jste ve čtvrtek ne... | Speed Marathon | 1 | |
| 2. | Minulý týden proběhla médii zp... | v Benátkách | 1 | |
| 3. | Který velmi populární český hu... | Xindl X | 0 | |
| 4. | Jeden český státní podnik, kte... | České dráhy | 1 | |
| 5. | Jedna z nejlepších tenistek so... | Ashleigh Bartyová | 1 | |
| 6. | Budeme se zabývat pěti filmy,... | Elijah Wood, Pán prstenů: Dvě věže | 0.5 | |
| 7. | Snímek Pan Jones z roku 2019 v... | Agnieszka Holland | 1 | |
| 8. | Romantické drama Paní Bovaryov... | Gustave Flaubert | 1 | |
| 9. | Satirická komedie Zdeňka Podsk... | C) Irena Kačírková | 0 | |
| 10. | V roce 2009 vznikl animovaný f... | Lišák | 1 |